Oracle Backup and Recovery Quick reference

Na minha lista:
Detalhes bibliográficos
Autor principal: Russel
Formato: Livro
Idioma:Undetermined
Publicado em: New York Prentice Hall 2004
Tags: Adicionar Tag
Sem tags, seja o primeiro a adicionar uma tag!
Thư viện lưu trữ: Trung tâm Học liệu Trường Đại học Cần Thơ
LEADER 00411nam a2200157Ia 4500
001 CTU_64691
008 210402s9999 xx 000 0 und d
020 |b 525000 
082 |a 005.7585 
082 |b R961 
100 |a Russel 
245 0 |a Oracle Backup and Recovery Quick reference 
260 |a New York 
260 |b Prentice Hall 
260 |c 2004 
980 |a Trung tâm Học liệu Trường Đại học Cần Thơ